[Event "Bayernliga 1213 U20"]
[Site "Bayern"]
[Date "2012.12.01"]
[Round "2.5"]
[White "Galensowske, Nikolas"]
[Black "Karl, Thomas"]
[Result "1/2-1/2"]
[WhiteElo "1251"]
[BlackElo "1512"]
[PlyCount "100"]
[EventDate "2012.10.20"]
[EventType "team-tourn"]
[EventRounds "7"]
[EventCountry "GER"]
[SourceTitle "EXT 2020"]
[Source "ChessBase"]
[SourceDate "2019.10.17"]
[SourceVersion "1"]
[SourceVersionDate "2019.10.17"]
[SourceQuality "1"]
[WhiteTeam "Vaterstetten SC U20"]
[BlackTeam "Kelheim SK U20"]
[WhiteTeamCountry "GER"]
[BlackTeamCountry "GER"]

1. e4 e5 2. Nf3 Nc6 3. d4 exd4 4. Nxd4 Bc5 5. Be3 Qf6 6. c3 Nge7 7. Nb5 Bxe3 8. fxe3 Qe5 9. Nd2 Kd8 10. Qf3 f6 11. 0-0-0 a6 12. Nd4 d6 13. Nc4 Qg5 14. h3 Ne5 15. Qf4 Qxf4 16. exf4 N5c6 17. e5 Nxd4 18. Rxd4 Nc6 19. Rd2 fxe5 20. fxe5 Re8 21. exd6 Re1+ 22. Rd1 Rxd1+ 23. Kxd1 cxd6 24. Nxd6 Kc7 25. Ne8+ Kb6 26. Nxg7 Bd7 27. Bd3 Rg8 28. Nf5 Rxg2 29. Kc1 Rf2 30. Nh6 Rf3 31. Bxh7 Bxh3 32. Be4 Re3 33. Kd2 Rxe4 34. Rxh3 Re6 35. Nf5 Rf6 36. Rh5 Ka7 37. Nd4 Rd6 38. Rh4 Ne5 39. Kc2 Nc6 40. Nxc6+ Rxc6 41. Rb4 b5 42. Kd3 Kb6 43. b3 a5 44. Re4 Rd6+ 45. Kc2 Kc5 46. a4 bxa4 47. Rxa4 Kb6 48. b4 axb4 49. Rxb4+ Kc6 50. Kb3 Rd1 1/2-1/2